[Event "Barcelona Sant Marti op-B 22nd"]
[Site "Barcelona"]
[Date "2022.07.21"]
[Round "9"]
[White "Safont Tria Sastre, Biel"]
[Black "Subirana Santos, Marc"]
[Result "1/2-1/2"]
[WhiteElo "1384"]
[BlackElo "1559"]
[PlyCount "100"]
[EventDate "2022.07.13"]
[EventType "swiss"]
[EventRounds "9"]
[EventCountry "ESP"]
[SourceTitle "CBM 210 Extra"]
[Source "ChessBase"]
[SourceDate "2022.11.30"]
[SourceVersion "1"]
[SourceVersionDate "2022.11.30"]
[SourceQuality "1"]

1. d4 Nf6 2. c4 g6 3. Nc3 Bg7 4. e4 d6 5. Nf3 0-0 6. Be2 e5 7. dxe5 dxe5 8. Qxd8 Rxd8 9. Bg5 Re8 10. Bxf6 Bxf6 11. Nd5 Bd8 12. 0-0 c6 13. Nc3 Na6 14. Rad1 Ba5 15. Nd2 Nc5 16. Nb3 Nxb3 17. axb3 Bc7 18. Rd3 Be6 19. Rfd1 Rad8 20. Rxd8 Rxd8 21. Rxd8+ Bxd8 22. Na4 Bg5 23. Kf1 f5 24. Nc5 Bc8 25. f3 Be3 26. Nd3 Bd4 27. Ke1 Kf7 28. Kd2 Kf6 29. h4 h6 30. g4 a5 31. Kc2 b5 32. Ne1 Bf2 33. Ng2 Bd7 34. Kd2 bxc4 35. bxc4 c5 36. b3 a4 37. bxa4 Bxa4 38. Bd1 Bd7 39. Ke2 Bd4 40. Ne3 Bxe3 41. Kxe3 f4+ 42. Kd3 g5 43. h5 Ke6 44. Kc3 Kd6 45. Kb3 Kc7 46. Ka3 Kb6 47. Ba4 Be6 48. Bb5 Ka5 49. Kb3 Kb6 50. Kc3 Bc8 1/2-1/2

[Event "Foment Martinenc op-B 22nd"]
[Site "Barcelona"]
[Date "2022.06.18"]
[Round "9"]
[White "Valero Roca, Roger"]
[Black "Safont Tria Sastre, Biel"]
[Result "1/2-1/2"]
[WhiteElo "1377"]
[BlackElo "1319"]
[PlyCount "59"]
[EventDate "2022.04.23"]
[EventType "swiss"]
[EventRounds "9"]
[EventCountry "ESP"]
[SourceTitle "EXT 2023"]
[Source "ChessBase"]
[SourceDate "2022.10.05"]
[SourceVersion "1"]
[SourceVersionDate "2022.10.05"]
[SourceQuality "1"]

1. d4 Nf6 2. Bf4 e6 3. e3 c5 4. c3 Nc6 5. Nd2 d5 6. Ngf3 Bd6 7. Bg3 0-0 8. Bd3 b6 9. e4 dxe4 10. Nxe4 Nxe4 11. Bxe4 Bb7 12. dxc5 Bxc5 13. Qa4 Na5 14. Rd1 Qf6 15. Bxb7 Nxb7 16. Qc6 Na5 17. Qe4 Be7 18. Bh4 Qf5 19. Qxf5 exf5 20. b4 Bxh4 21. Nxh4 Rfe8+ 22. Kf1 Rad8 23. Rxd8 Rxd8 24. Ke2 Nc4 25. Rd1 Rxd1 26. Kxd1 g6 27. Nf3 Kf8 28. Nd4 Ke8 29. b5 Nd6 30. f3 1/2-1/2

[Event "Foment Martinenc op-B 22nd"]
[Site "Barcelona"]
[Date "2022.05.28"]
[Round "6"]
[White "Safont Tria Sastre, Biel"]
[Black "Gomez Sanchez, Javier"]
[Result "1/2-1/2"]
[WhiteElo "1319"]
[BlackElo "1433"]
[PlyCount "60"]
[EventDate "2022.04.23"]
[EventType "swiss"]
[EventRounds "9"]
[EventCountry "ESP"]
[SourceTitle "EXT 2023"]
[Source "ChessBase"]
[SourceDate "2022.10.05"]
[SourceVersion "1"]
[SourceVersionDate "2022.10.05"]
[SourceQuality "1"]

1. d4 d5 2. Bf4 Nf6 3. Nf3 Bf5 4. e3 e6 5. Bd3 Bg4 6. Nbd2 Nh5 7. Bg3 Nxg3 8. hxg3 h6 9. c3 Nd7 10. Qc2 Bd6 11. Nh2 Nf6 12. Nxg4 Nxg4 13. e4 Qf6 14. Nf3 dxe4 15. Bxe4 c6 16. 0-0-0 Qd8 17. Qb3 Nxf2 18. Qxb7 Nxe4 19. Qxc6+ Kf8 20. Qxe4 Bxg3 21. Rhf1 Rb8 22. Ne5 Qg5+ 23. Kb1 Bxe5 24. dxe5 Ke7 25. Qd4 Qg6+ 26. Ka1 Rhd8 27. Qxa7+ Kf8 28. Rxd8+ Rxd8 29. a4 Kg8 30. a5 Qh5 1/2-1/2

[Event "Barcelona Primavera CE op"]
[Site "Barcelona"]
[Date "2021.05.08"]
[Round "3"]
[White "Safont Tria Sastre, Biel"]
[Black "Ferrarons Alabern, Anna"]
[Result "1-0"]
[WhiteElo "1293"]
[BlackElo "1700"]
[PlyCount "105"]
[EventDate "2021.04.24"]
[EventType "swiss"]
[EventRounds "9"]
[EventCountry "ESP"]
[SourceTitle "EXT 2022"]
[Source "ChessBase"]
[SourceDate "2021.10.06"]
[SourceVersion "1"]
[SourceVersionDate "2021.10.06"]
[SourceQuality "1"]

1. d4 d5 2. c4 e6 3. Nc3 Nf6 4. Nf3 Nc6 5. Bg5 Be7 6. e3 0-0 7. Bd3 b6 8. Bxf6 Bxf6 9. 0-0 Re8 10. cxd5 exd5 11. Bb5 Bb7 12. Rc1 a6 13. Bxc6 Bxc6 14. Qc2 Bb7 15. b4 c5 16. bxc5 bxc5 17. dxc5 d4 18. Nxd4 Bxd4 19. exd4 Qxd4 20. Rb1 Rab8 21. Ne2 Qd5 22. f3 Qg5 23. Qc1 Qg6 24. Ng3 h5 25. Rb6 Re6 26. Qb1 Rxb6 27. Qxb6 Qxb6 28. cxb6 g6 29. Rb1 h4 30. Ne4 Kg7 31. Kf2 f5 32. Nc5 a5 33. Nxb7 Rxb7 34. a4 Kf6 35. Rb5 g5 36. g4 f4 37. Rxa5 Rxb6 38. Ra8 Rb2+ 39. Kg1 h3 40. a5 Rb1+ 41. Kf2 Rb2+ 42. Kf1 Rxh2 43. a6 Rh1+ 44. Kf2 Ke5 45. a7 Rh2+ 46. Kg1 Kd4 47. Rd8+ Ke3 48. a8Q Rg2+ 49. Kh1 Kf2 50. Rd2+ Kg3 51. Rxg2+ hxg2+ 52. Kg1 Kh3 53. Qh8+ 1-0